01815nam a22002417a 4500003001700000005001700017008004100034020001700075040000700092041001200099082001700111100002200128245003000150260004300180300003000223365006200253520099900315650004901314700002601363942001201389999001901401952015301420St Aloysius Coll20260130144450.0250816b |||||||| |||| 00| 0 eng d a978125900503 cAL aEnglish a658.57bGUPB aGupta S L9235962 aBusiness research methods aNew DelhibMcGraw Hill Educationc2024 axix,440p.bPBc24x18.5cm. 2Generala2646b₹580.00c₹d₹725.00e20%f08/08/2025 aAbout the Book: Business Research Methods "This book is designed to discuss in a lucid and easy-to-understand manner, the theory as well as applied aspects of business research. With many examples from the Indian context and a number of application exercises covering various research tools and techniques, it will fulfill the requirements of the students as well as teachers of the subject. Designed to serve primarily as a textbook for business management students, it will also be useful as reference book by practicing managers and researchers in various fields." Contents 1. Business Research: An Overview 2. Research Methods, Problems and Hypothesis 3. Business Research Designs 4. Methods and Techniques of Data Collection 5. Sampling 6. Attitude Measurement and Scales 7. Questionnaire Design 8. Data Preparation and Preliminary Analysis 9. Statistical Analysis and Interpretation of Data 10. Multivariate Analysis 11. T- Test and Anova 12. Business Research Report and Proposal Writing 2Research and DevelopmentaManagement9235963 aGupta, Hitesh9235964 2ddccBK c240355d240355 00102ddc40708MCOMFAaSACPGbSACPGd2025-08-14eBiblios Book Pointg580.00l0o658.57 GUPBpPG025077r2025-08-16 11:36:49v725.00w0000-00-00yBK